[Event "NLD-ch sf"]
[Site "Enschede"]
[Date "1995.??.??"]
[Round "8"]
[White "Perez Garcia, Hebert"]
[Black "Hommeles, Theo"]
[Result "0-1"]
[WhiteElo "2240"]
[BlackElo "2275"]

1.e4 g6 2.d4 d6 3.Nc3 Bg7 4.Bg5 c6 5.Qd2 b5 6.f4 Nd7 7.Nf3 Nb6 8.a4 b4 9.Nd1 a5
10.Ne3 Nf6 11.Bxf6 exf6 12.Bd3 O-O 13.O-O Re8 14.c4 Ra7 15.b3 Rae7 16.Rae1 Qc7
17.Re2 c5 18.d5 Bh6 19.g3 Bh3 20.Rfe1 Bg7 21.Bc2 Qc8 22.Nd1 Bg4 23.Kf2 Nd7
24.Bb1 Nf8 25.Bc2 h5 26.Bb1 Nh7 27.Bc2 Nf8 28.Bb1 Nh7 29.Bc2 Qd7 30.Bb1 Nf8
31.Bc2 Nh7 32.Bb1 h4 33.Bc2 Qc8 34.Bb1 Bh6 35.Ne3 Bxf4 36.gxf4 Bxf3 37.Kxf3 Qh3+
38.Kf2 Qxh2+ 39.Kf1 Qh1+ 40.Kf2 Qh2+ 41.Kf1 Qxf4+ 42.Rf2 Qg5 43.Rg2 Qf4+
44.Rf2 Qg3 45.Nf5 Qh3+ 46.Rg2 Re5 47.Nxd6 Ng5 48.Nxe8 Nf3 49.Nxf6+ Kg7 50.Qb2 Kxf6
51.Re3 Qh1+ 52.Kf2 Nd4 53.Re1 Qh3 54.Re3 Qh1 55.Re1 Qh3 56.Re3 Qh1 57.Rg1 Qh2+
58.Rg2 Qf4+ 59.Kg1 Qxe3+ 60.Rf2+  0-1

[Event "FIN-ch-B"]
[Site "FIN"]
[Date "1995.??.??"]
[Round "?"]
[White "Laine, Panu"]
[Black "Lammi, Jyri"]
[Result "0-1"]
[WhiteElo "2190"]
[BlackElo "2250"]

1.e4 d6 2.d4 g6 3.Nc3 Bg7 4.Be3 Nc6 5.h3 e5 6.Nf3 Nge7 7.Bc4 a6 8.dxe5 Nxe5
9.Nxe5 Bxe5 10.f4 Bg7 11.Bd4 O-O 12.Bxg7 Kxg7 13.Qd4+ f6 14.O-O b5 15.Bd3 Bb7
16.Rad1 Qb8 17.a4 bxa4 18.Qxa4 Bc6 19.Qd4 Qa7 20.Qxa7 Rxa7 21.Ra1 a5 22.Ra3 d5
23.Rfa1 dxe4 24.Bxe4 Rb8 25.Rxa5 Rxa5 26.Rxa5 Bxe4 27.Nxe4 Rxb2 28.Rc5 c6
29.Kf2 Kf7 30.Kf3 Rb1 31.g4 Rf1+ 32.Nf2 Ke6 33.Rc3 f5 34.Re3+ Kf6 35.g5+ Kf7
36.Rc3 Ke6 37.Re3+ Kd6 38.Rd3+ Kc7 39.Ke2 Ra1 40.Rd4 Nd5 41.Kd2 Kb6 42.Nd3 Rh1
43.Nf2 Rh2 44.Ke1 Kc5 45.Ra4 Nc3 46.Ra7 Kd4 47.Rxh7 Ke3 48.Rd7 Ne4 49.Rd3+ Kxf4
50.Nxe4 fxe4 51.Rc3 Kxg5 52.Rxc6 Rxh3 53.Ke2 Kf5 54.Rc8 g5 55.Rf8+ Ke5 56.Re8+ Kf4
57.Rf8+ Kg4 58.Re8 Rh2+ 59.Ke3 Rxc2 60.Rxe4+ Kg3 61.Re8 g4 62.Rg8 Rc3+ 63.Ke2 Rf3
64.Rg7 Rf8 65.Rg6 Kh3 66.Rg7 g3 67.Rh7+ Kg2 68.Rg7 Re8+ 69.Kd2 Kf2 70.Rf7+ Kg1
71.Rg7 g2 72.Rf7 Rh8  0-1

[Event "FIN-ch-B"]
[Site "FIN"]
[Date "1995.??.??"]
[Round "?"]
[White "Laine, Panu"]
[Black "Hamalainen, Sami"]
[Result "1/2-1/2"]
[WhiteElo "2190"]
[BlackElo "2130"]

1.e4 g6 2.d4 Bg7 3.Nc3 d6 4.h3 a6 5.a4 Nd7 6.Be3 Ngf6 7.g4 e5 8.Nge2 O-O
9.Bg2 c6 10.O-O d5 11.exd5 Nxd5 12.Nxd5 cxd5 13.Bxd5 Nb6 14.Bg2 Nc4 15.Qd3 Nxe3
16.fxe3 Qg5 17.Rf3 Be6 18.c3 b5 19.axb5 axb5 20.Rxa8 Rxa8 21.Qxb5 h5 22.gxh5 Qxh5
23.Kh2 Rd8 24.Ng3 Qh4 25.Rf1 exd4 26.exd4 Bf8 27.Ne4 Bxh3 28.Qg5 Bd6+ 29.Kg1 Qxg5
30.Nxg5 Bxg2 31.Kxg2 f5 32.Ra1 Rb8 33.Rb1 Kg7 34.b4 Rc8 35.Rb3 Kf6 36.Nf3 g5
37.b5 g4 38.Nd2 Rh8 39.Nf1 f4 40.c4 Kf5 41.c5 f3+ 42.Kf2 Bf4 43.d5 Ra8 44.Rb2 Ke5  1/2-1/2

[Event "FIN-chT"]
[Site "FIN"]
[Date "1995.??.??"]
[Round "?"]
[White "Keskisarja, Teemu"]
[Black "Kauppinen, Martti"]
[Result "0-1"]
[WhiteElo "2260"]
[BlackElo "2210"]

1.e4 d6 2.d4 g6 3.Nc3 Bg7 4.Be3 c6 5.Qd2 Nf6 6.f3 b5 7.O-O-O b4 8.Nce2 a5
9.g4 Na6 10.Bh6 Bxh6 11.Qxh6 Qb6 12.h4 Be6 13.b3 a4 14.Qd2 Nc7 15.g5 Nh5
16.Bh3 Ng7 17.Bxe6 fxe6 18.Nh3 Qa5 19.Kb1 Nb5 20.Nf2 Nc3+ 21.Nxc3 bxc3 22.Qe2 Nh5
23.Nd3 axb3 24.cxb3 Ng3 25.Qc2 Nxh1 26.Rxh1 Kd7 27.f4 Qa7 28.Rd1 Rhb8 29.Nc1 Qa5
30.Rd3 Qb4 31.Ne2 Ra5 32.Rxc3 Rba8 33.Nc1 Qxd4 34.Rxc6 Rc5 35.Rxc5 Qxc5 36.Qxc5 dxc5
37.Nd3 Kd6 38.Kb2 Rf8 39.Kc3 e5 40.fxe5+ Kc6 41.Kc4 Rf1 42.a4 Ra1 43.e6 Ra2
44.b4 Rxa4 45.Nxc5 Ra2 46.b5+ Kd6 47.Nb3 Ra4+ 48.Kd3 Ke5 49.Nc5 Rb4 50.b6 Kd6
51.Nd7 Kxe6 52.Kc3 Rb1 53.Nc5+ Kd6 54.Nb3 Kc6 55.Kc4 Kxb6 56.Nd4 Rh1 57.Kd5 Rxh4
58.e5 Rxd4+ 59.Kxd4 Kc6 60.Kc4 e6 61.Kd4 Kb5 62.Kd3 Kc5 63.Ke4 Kc4  0-1

[Event "Finkenstein op"]
[Site "Finkenstein"]
[Date "1995.??.??"]
[Round "4"]
[White "Pilaj, Herwig"]
[Black "Knapp, Franz"]
[Result "1-0"]
[WhiteElo "2125"]
[BlackElo "1945"]

1.e4 d6 2.d4 g6 3.Nc3 Bg7 4.Be3 Nd7 5.Bc4 e6 6.Qd2 b6 7.Bg5 Ne7 8.Bh6 Bxh6
9.Qxh6 Nc6 10.Nf3 Bb7 11.O-O Qe7 12.Qe3 O-O 13.Rad1 e5 14.Nd5 Qd8 15.Qh6 Re8
16.Ng5 Nf8 17.f4 exd4 18.f5 Ne5 19.f6  1-0

[Event "Finkenstein op"]
[Site "Finkenstein"]
[Date "1995.??.??"]
[Round "5"]
[White "Di Paolo, Raffaele"]
[Black "Jurecka, C."]
[Result "1-0"]
[WhiteElo "2260"]
[BlackElo "1800"]

1.e4 d6 2.d4 g6 3.Nc3 Bg7 4.f4 Nf6 5.e5 dxe5 6.dxe5 Qxd1+ 7.Kxd1 Ng4 8.Ke1 c6
9.h3 Nh6 10.g4 Be6 11.Nf3 O-O 12.f5 gxf5 13.g5 Ng4 14.hxg4 fxg4 15.Nd4 Bc8
16.Bf4 f6 17.Bc4+  1-0

[Event "FRA-chT"]
[Site "FRA"]
[Date "1995.??.??"]
[Round "?"]
[White "Flear, Christine"]
[Black "Lebel Arias, Julia"]
[Result "1/2-1/2"]
[WhiteElo "2190"]
[BlackElo "2070"]

1.d4 g6 2.e4 Bg7 3.Nc3 d6 4.Be3 c6 5.f3 d5 6.Qd2 h5 7.Nge2 Nh6 8.h3 dxe4
9.fxe4 Nd7 10.O-O-O Nb6 11.Nf4 e5 12.dxe5 Qxd2+ 13.Rxd2 Bxe5 14.Be2 Bd7 15.Rf1 O-O-O
16.Bd4 Bxd4 17.Rxd4 Be8 18.Rd3 Rxd3 19.Nxd3 Nd7 20.e5 Nf5 21.Ne4 Kc7 22.Kd2 b6
23.c3 c5 24.g4 hxg4 25.hxg4 Ng7 26.b3 Ne6 27.Rf2 Nd8 28.Ng5 Nc6 29.Nxf7 Bxf7
30.Rxf7 Re8 31.Rg7 c4 32.bxc4 Nxe5 33.Nxe5 Rxe5 34.Bd3 Ra5 35.Bb1 Kd8 36.Rxg6 Ne5
37.Rg8+ Ke7 38.c5 Kf7 39.Rb8 bxc5 40.g5 Nf3+ 41.Kd3 Nxg5 42.Kc4 Ne6 43.Rb5 Ra4+
44.Kb3 Ra6 45.Bd3 Rc6 46.Rb7+ Rc7 47.Rxc7+ Nxc7 48.Kc4 Ke6 49.Kxc5 Ke5 50.Bc4 Ne8
51.a4 Nd6 52.Bd5 Nf5 53.a5 Ne3 54.Bf3 Ke6 55.Kc6 Ke7 56.Kb7 Nc4 57.a6 Kd7
58.Bg4+ Kd8 59.Kb8 Na5 60.Bf3 Kd7 61.Bd5 Kd8 62.c4 Nb3 63.Bc6 Nc5 64.Bb5 Nb3
65.Kb7 Na5+ 66.Kb8 Nb3 67.Bc6 Nc5 68.Bg2 Nxa6+ 69.Kxa7 Nb4 70.Kb7 Nd3 71.Bh3 Nc5+
72.Kc6 Nd3 73.Kd6 Nb2 74.c5 Nc4+ 75.Kc6 Ne5+ 76.Kd6 Nc4+ 77.Kc6 Ne5+ 78.Kb7 Nc4
79.Be6 Ne5 80.Bb3 Kd7 81.Kb6 Kc8 82.Be6+ Kd8 83.Bf5 Nc4+ 84.Ka6 Kc7 85.Kb5 Nd6+  1/2-1/2

[Event "Gausdal Int"]
[Site "Gausdal"]
[Date "1995.??.??"]
[Round "6"]
[White "Sutovskij, Emil"]
[Black "Elsness, Frode"]
[Result "1-0"]
[WhiteElo "2530"]
[BlackElo "2250"]

1.e4 g6 2.d4 Bg7 3.Nc3 d6 4.Bg5 c6 5.Qd2 b5 6.f4 Nd7 7.Nf3 b4 8.Ne2 a5 9.Ng3 h6
10.Bh4 c5 11.e5 Qb6 12.dxc5 Nxc5 13.O-O-O Bb7 14.exd6 O-O-O 15.Bc4 Rxd6 16.Qe2 g5
17.Nf5 Bxb2+ 18.Kxb2 Rxd1 19.Rxd1 gxh4 20.Qe5 Qf6 21.Bxf7 Qxe5+ 22.fxe5 Kc7
23.N3xh4  1-0

[Event "Arnold Cup"]
[Site "Gausdal"]
[Date "1995.??.??"]
[Round "8"]
[White "Kristensen, Bjarke"]
[Black "Elsness, Frode"]
[Result "1/2-1/2"]
[WhiteElo "2455"]
[BlackElo "2250"]

1.e4 g6 2.d4 Bg7 3.Nc3 d6 4.Nf3 a6 5.Be3 b5 6.h3 Nd7 7.a4 b4 8.Nd5 a5 9.Bc4 e6
10.Nf4 Nb6 11.Bd3 Ne7 12.O-O O-O 13.c4 bxc3 14.bxc3 e5 15.Ne2 exd4 16.cxd4 Nc6
17.Nc3 Nb4 18.Be2 Bb7 19.Rc1 Re8 20.Bb5 Re7 21.Nd2 Rc8 22.Bg5 f6 23.Bh4 c6
24.Be2 Kh8 25.Nb3 Ra8 26.Re1 Re8 27.Bf1 Ba6 28.Bxa6 Rxa6 29.Qf3 Ra8 30.e5 dxe5
31.Rxe5 Rxe5 32.dxe5 g5 33.Rd1 N4d5 34.Nxd5 cxd5 35.exf6 Qxf6 36.Qxf6 Bxf6
37.Bg3 d4 38.Bc7 Nxa4 39.Bxa5 Nc3 40.Rd3 Ne2+ 41.Kf1 Nf4 42.Rd1 Rb8  1/2-1/2

[Event "Arnold Cup"]
[Site "Gausdal"]
[Date "1995.??.??"]
[Round "8"]
[White "Klovans, Janis"]
[Black "Gausel, Einar"]
[Result "1/2-1/2"]
[WhiteElo "2505"]
[BlackElo "2490"]

1.e4 g6 2.d4 Bg7 3.Nc3 d6 4.f4 a6 5.Nf3 b5 6.Bd3 Bb7 7.O-O Nd7 8.e5 e6 9.a4 bxa4
10.Qe1 Ne7 11.Rxa4 O-O 12.Ne4 Nc8 13.Ra3 c5 14.c3 a5 15.Qe2 Rb8 16.Be3 c4
17.Bc2 Bd5 18.Ra2 a4 19.exd6 Ndb6 20.Nc5 Nxd6 21.Nxa4 Nxa4 22.Bxa4 Nf5 23.Ne5 Ra8
24.Raa1 Qc7 25.Bc2 Nxe3 26.Qxe3 Qb7 27.Qd2 Rxa1 28.Rxa1 Qxb2 29.Rb1 Qa3 30.h3 Rd8
31.Bd1 f6 32.Ng4 Qd6 33.Qf2 Be4 34.Ra1 Rb8 35.Bf3 Bd3 36.Qe3 Bf5 37.Nf2 e5
38.dxe5 fxe5 39.Rd1 exf4 40.Qa7 Qf8 41.Ne4 Rd8 42.Rxd8 Qxd8 43.Qc5 Qd3 44.Qe7 h6
45.Nf6+ Bxf6 46.Qxf6 Qd7 47.Qe5 Bd3 48.Qxf4 Kh7 49.Qe5 Qa7+ 50.Kh2 h5 51.Kg3 Qf7
52.Bd5 Qa7 53.Kf4 Qf2+ 54.Kg5 Qd2+ 55.Kf6 Qf2+ 56.Bf3 Qa7 57.Qe7+ Qxe7+ 58.Kxe7 h4
59.Kf6 Kh6 60.Bd5 Bf1 61.Bf3 Bd3 62.Bd5 Bf1 63.Be4 Bd3 64.Ke5 Kg5 65.Kd4 Be2
66.Ke3 Bd1 67.Bd5 Bb3 68.Ke4 Ba2 69.Ke5 Bb3 70.Bf7 Ba2 71.Kd4 Kf4 72.Bd5 Kg3
73.Bf3 Bb3 74.Bd5  1/2-1/2

[Event "Troll Masters"]
[Site "Gausdal"]
[Date "1995.??.??"]
[Round "8"]
[White "Gvein, Kenneth"]
[Black "Hagesaether, Paal Vegard"]
[Result "1/2-1/2"]
[WhiteElo "2115"]
[BlackElo "2150"]

1.e4 d6 2.d4 g6 3.Nc3 Bg7 4.Be3 Nf6 5.f3 O-O 6.Qd2 e5 7.Nge2 Nbd7 8.h4 exd4
9.Nxd4 Ne5 10.Be2 c6 11.O-O-O Qc7 12.Bh6 a6 13.Bxg7 Kxg7 14.g4 b5 15.Nf5+ Bxf5
16.gxf5 Rad8 17.h5 Nxh5 18.f4 Nc4 19.Qd4+ Nf6 20.Rxh7+ Kxh7 21.Qxf6  1/2-1/2

[Event "Geneve op"]
[Site "Geneve"]
[Date "1995.??.??"]
[Round "3"]
[White "Le Quang, Kim"]
[Black "Allegro, Valery"]
[Result "1/2-1/2"]
[WhiteElo "2235"]
[BlackElo "2255"]

1.e4 d6 2.d4 g6 3.Nc3 Bg7 4.g3 Nc6 5.Be3 e5 6.d5 Nce7 7.Qd2 f5 8.f3 Nf6 9.h3 O-O
10.O-O-O Nh5 11.Nge2 Nxg3 12.Nxg3 f4 13.Bg1 fxg3 14.Bg2 c6 15.dxc6 Nxc6 16.Ne2 Be6
17.Kb1 Bc4 18.h4 Bxe2 19.Qxe2 Nd4 20.Bxd4 exd4 21.h5 g5 22.h6 Be5 23.Rh5 Kh8
24.Bh3 Rf4 25.Bg4 Qf6 26.Rh3 Rxg4 27.fxg4 Rf8 28.Rhh1 Qe6 29.Rdf1 Bf4 30.Qd3 Kg8
31.Qxd4 Rf6 32.Rhg1 Rxh6 33.Qxa7 Qc8 34.Qa3 Rh2 35.Qb3+ Kh8 36.c4 Qc6 37.Rxg3 Bxg3
38.Qxg3 Qxe4+ 39.Ka1 Rh1 40.Qc3+ Kg8 41.Qc1 Rxf1 42.Qxf1 Qxg4 43.a3 Qf4 44.Qe2 Kf7
45.Qd3 Kf6 46.c5 Qc1+ 47.Ka2 Qxc5 48.Qxh7 Qd5+ 49.Ka1 Ke5 50.Qh8+ Ke4 51.Qh1+ Kd4
52.Qc1 Qg2 53.Qc3+ Kd5 54.Qd3+ Ke5 55.Qc3+ Kf5 56.Qc8+ Kf4 57.Qf8+ Ke3 58.Qxd6 g4
59.Qc5+ Ke2 60.Qc2+ Kf1 61.Qd1+ Kf2 62.Qd4+ Ke1 63.Qc3+ Kd1 64.Qd4+ Kc1 65.Qc3+ Kd1
66.Qd4+ Ke2 67.Qc4+ Kf2 68.Qd4+ Kg3 69.Qd6+  1/2-1/2

[Event "Geneve op"]
[Site "Geneve"]
[Date "1995.??.??"]
[Round "6"]
[White "Olivier, Jean Christophe"]
[Black "Allegro, Valery"]
[Result "1-0"]
[WhiteElo "2360"]
[BlackElo "2255"]

1.e4 d6 2.d4 g6 3.Nc3 Bg7 4.f4 c6 5.Be3 Qb6 6.Rb1 f5 7.Qd2 Nh6 8.Nf3 Nd7
9.e5 Qc7 10.Bd3 Nb6 11.Bf2 Be6 12.b3 Nf7 13.O-O O-O 14.Bh4 Bh6 15.Rbe1 Rfe8
16.Re2 c5 17.d5 Nxd5 18.Nxd5 Bxd5 19.e6 Ne5 20.Ng5 Nxd3 21.cxd3 Bg7 22.Qe1 a5
23.Qg3 Bd4+ 24.Kh1 Kg7 25.Qh3 h6 26.Nf7 a4 27.Nxh6 Rh8 28.Nxf5+ gxf5 29.Qxf5 Rh6
30.Qxd5 Rah8 31.Bg3 axb3 32.axb3 Rg6 33.Bf2 Rxh2+ 34.Kxh2  1-0

[Event "Geneve op"]
[Site "Geneve"]
[Date "1995.??.??"]
[Round "7"]
[White "Sudan, Georges"]
[Black "Jagstaidt, Patrick"]
[Result "0-1"]
[WhiteElo "2045"]
[BlackElo "2170"]

1.e4 g6 2.d4 Bg7 3.Nc3 d6 4.Be3 Nf6 5.f3 O-O 6.Qd2 e5 7.Nge2 exd4 8.Nxd4 Nbd7
9.O-O-O Ne5 10.Bh6 Bd7 11.h4 a6 12.h5 Qe7 13.Bxg7 Kxg7 14.hxg6 fxg6 15.Qh6+ Kg8
16.Nde2 Qg7 17.Qg5 Be6 18.Nf4 Bf7 19.Nfd5 Nxd5 20.Nxd5 Bxd5 21.Rxd5 Qf6 22.Qxf6 Rxf6
23.Be2 Kg7 24.Kd2 h6 25.Ke3 g5 26.a4 Ng6 27.a5 Nf4 28.Rd4 Nxg2+ 29.Kf2 Nf4
30.Rb4 Nxe2 31.Kxe2 Rb8 32.Ra1 h5 33.Ra3 Rf7 34.Rab3 h4 35.Rxb7 h3 36.Kf2 Rxb7
37.Rxb7 g4 38.Rb3 h2 39.Kg2 gxf3+ 40.Kxh2 f2 41.Rg3+ Kf8  0-1

[Event "Gent op"]
[Site "Gent"]
[Date "1995.??.??"]
[Round "9"]
[White "Van Dongen, Patrick"]
[Black "Berezovics, Alexander"]
[Result "0-1"]
[WhiteElo "2230"]
[BlackElo "2345"]

1.e4 d6 2.d4 g6 3.Nc3 Bg7 4.f4 Nc6 5.Nf3 Bg4 6.Bb5 a6 7.Bxc6+ bxc6 8.O-O Qb8
9.Kh1 Qb6 10.Be3 Qxb2 11.Qd3 Qb7 12.Rab1 Qc8 13.Qc4 Bd7 14.Rb2 Nf6 15.Rfb1 Nxe4
16.Nxe4 d5 17.Qb3 dxe4 18.Ng5 O-O 19.Qc4 Qd8 20.Nxe4 Bf5 21.Nc5 Qd5 22.Qa4 h5
23.Kg1 Rfd8 24.Rb4 a5 25.Rc4 Rdb8 26.Rxb8+ Rxb8 27.Nb3 Qe4 28.Rc3 Rb5 29.Nxa5 Be6
30.Nxc6 Rb1+ 31.Kf2 Bd5 32.Qa8+ Kh7  0-1

[Event "OL-SW 9596"]
[Site "GER"]
[Date "1995.??.??"]
[Round "?"]
[White "Schlick, Volker"]
[Black "Zimmer, Ralph"]
[Result "1/2-1/2"]
[WhiteElo "2315"]
[BlackElo "2260"]

1.e4 g6 2.d4 Bg7 3.Nc3 d6 4.Nf3 Nf6 5.h3 O-O 6.Be3 c6 7.a4 a5 8.Qd2 Re8 9.Rd1 Na6
10.Bxa6 Rxa6 11.O-O Ra8 12.Bh6 Be6 13.Bxg7 Kxg7 14.Rb1 h6 15.b3 Qb6 16.Qe3 d5
17.e5 Nd7 18.Ne2 Bf5 19.Rbd1 Be4 20.Ng3 Bxf3 21.Qxf3 e6  1/2-1/2

[Event "BL2-N9495"]
[Site "Germany"]
[Date "1995.??.??"]
[Round "?"]
[White "Kuehn, Peter"]
[Black "Hargens, Thomas"]
[Result "0-1"]
[WhiteElo "2240"]
[BlackElo "2270"]

1.e4 g6 2.d4 Bg7 3.Nc3 d6 4.Bc4 Nf6 5.Qe2 Nc6 6.Nf3 Bg4 7.Be3 e5 8.dxe5 Nxe5
9.Bb3 Nfd7 10.O-O-O Nxf3 11.gxf3 Bh5 12.Rhg1 c6 13.Rg3 Be5 14.Rh3 Qe7 15.Qd2 O-O-O
16.Re1 Nc5 17.f4 Bf6 18.Bd4 Bg4 19.Rhe3 Rhe8 20.f3 Be6 21.Ne2 Bxb3 22.axb3 Bxd4
23.Nxd4 Qh4 24.f5 Qf4 25.Kb1 Nd7 26.Qa5 Kb8 27.b4 Qe5 28.Qxe5 dxe5 29.Nb3 gxf5
30.exf5 Rg8 31.Rd3 Kc7 32.Nc5 Nxc5 33.bxc5 Rxd3 34.cxd3 f6 35.f4 exf4 36.Re4 Rg1+
37.Kc2 f3 38.Re7+ Kd8 39.Re3 f2  0-1

[Event "BL2-N9495"]
[Site "Germany"]
[Date "1995.??.??"]
[Round "?"]
[White "Lisek, Juergen"]
[Black "Thiede, Lars"]
[Result "1-0"]
[WhiteElo "2280"]
[BlackElo "2350"]

1.e4 g6 2.d4 Bg7 3.Nc3 d6 4.Be2 Nd7 5.Nf3 a6 6.a4 e6 7.O-O Ne7 8.Be3 O-O
9.Qd2 Re8 10.Bh6 Bh8 11.Ng5 Nc6 12.d5 Nd4 13.dxe6 Nxe2+ 14.Qxe2 fxe6 15.f4 b6
16.a5 b5 17.e5 d5 18.Rf3 Ra7 19.Rh3 Qe7 20.Nd1 c5 21.Nf2 Nb8 22.Ng4 Nc6 23.c3 Qd8
24.Qf2 c4 25.Qc5 Rc7 26.Qb6 Bb7 27.Nf6+ Bxf6 28.exf6 Rd7 29.Qxd8 Nxd8 30.Bg7 h5
31.g4 Nf7 32.gxh5 gxh5 33.Rxh5 d4 34.Rd1 e5 35.Nxf7 Kxf7 36.Rxe5 d3 37.Kf2 Rxe5
38.fxe5 Ke6 39.Ke3 Rf7 40.Kf4 Bd5 41.h4 b4 42.h5 bxc3 43.bxc3 Rb7 44.h6 Rb2
45.h7 Rf2+ 46.Kg3  1-0

[Event "BL2-N9495"]
[Site "Germany"]
[Date "1995.??.??"]
[Round "?"]
[White "Schoeneich, Matthias"]
[Black "Rudolf, Henrik"]
[Result "0-1"]
[WhiteElo "2205"]
[BlackElo "2245"]

1.e4 g6 2.d4 Bg7 3.Nc3 d6 4.Be3 c6 5.Qd2 b5 6.Bd3 Bb7 7.Nce2 Nd7 8.Nf3 e5
9.O-O Ngf6 10.Ng3 Ng4 11.Bg5 f6 12.Bh4 O-O 13.c4 a6 14.Ne2 Qe8 15.cxb5 cxb5
16.Qb4 d5 17.Nc3 Nb6 18.h3 Nh6 19.a4 f5 20.axb5 a5 21.Qc5 Nd7 22.Qc7 Qc8
23.Qxc8 Rfxc8 24.Nxe5 Nxe5 25.dxe5 fxe4 26.Bb1 Bxe5 27.Ba2 Bxc3 28.bxc3 Rxc3
29.Rfd1 Rc5 30.Rab1 Kf7 31.Bg5 Nf5 32.g4 Ne7 33.Be3 Rc2 34.Bb3 Rc3 35.Bd4 Rxh3
36.Rdc1 Rc8 37.Rxc8 Bxc8 38.Kg2 Rd3 39.Bb6 Bxg4 40.Bxa5 Bc8 41.Bc7 h5 42.b6 Bb7
43.Kg1 Nc6 44.Ba4 Nd4 45.Bd1 Ne6 46.Ra1 Nxc7 47.bxc7 Rc3 48.Ra7 Rxc7 49.Bb3 Ke6
50.Kg2 Kd6  0-1

[Event "BL2-N9495"]
[Site "Germany"]
[Date "1995.??.??"]
[Round "?"]
[White "Sieg, Martin"]
[Black "Ditt, Egon"]
[Result "1-0"]
[WhiteElo "2280"]
[BlackElo "2275"]

1.d4 g6 2.e4 Bg7 3.Nc3 d6 4.Bc4 c6 5.Nf3 b5 6.Nxb5 d5 7.exd5 cxb5 8.Bxb5+ Bd7
9.Bxd7+ Nxd7 10.O-O Ngf6 11.c4 O-O 12.Re1 Re8 13.b3 Qa5 14.Bd2 Qa6 15.Bc3 Rac8
16.Qd2 Nf8 17.Qb2 Qb7 18.Rac1 Nh5 19.Re4 f5 20.Ree1 Nf4 21.Rcd1 Qc7 22.Re3 Bf6
23.Rde1 Nh5 24.Qa3 Ng7 25.Bb4 f4 26.Re4 Nf5 27.d6 Qd7 28.dxe7 Nxe7 29.Bxe7 Qf5
30.R4e2 Qd3 31.Qd6 Bxe7 32.Rxe7 Rxe7 33.Qxe7 a5 34.h3 a4 35.Qb7 Rd8 36.Re7  1-0

[Event "BL2-O9495"]
[Site "Germany"]
[Date "1995.??.??"]
[Round "?"]
[White "Ginsburg, Gennadij"]
[Black "Alber, Horst"]
[Result "1-0"]
[WhiteElo "2430"]
[BlackElo "2290"]

1.e4 g6 2.d4 Bg7 3.Nc3 d6 4.Nf3 a6 5.a4 b6 6.Bc4 e6 7.Bg5 Ne7 8.Qd2 h6 9.Be3 Nd7
10.O-O Bb7 11.Rfe1 Nf6 12.d5 e5 13.h3 Bc8 14.a5 b5 15.Bd3 Bb7 16.Na2 Rc8
17.Nb4 c5 18.dxc6 Nxc6 19.Bb6 Qd7 20.Rad1 O-O 21.Nxc6 Rxc6 22.b3 Qc8 23.c4 bxc4
24.Bxc4 Nxe4 25.Rxe4 Rxb6 26.axb6 Bxe4 27.Bd5 Bxd5 28.Qxd5 Rd8 29.Nd2 Qc5
30.Nc4 Qb4 31.b7 Qxb3 32.Nxd6 Qxd5 33.Rxd5 Rb8 34.Rc5  1-0

[Event "BL2-O9495"]
[Site "Germany"]
[Date "1995.??.??"]
[Round "?"]
[White "Niedermaier, Hans"]
[Black "Timpel, Klaus"]
[Result "0-1"]
[WhiteElo "2200"]
[BlackElo "2300"]

1.e4 g6 2.d4 Bg7 3.Nc3 d6 4.f4 c6 5.Be3 Qb6 6.Rb1 f5 7.Qd2 Nf6 8.d5 Qc7 9.Bd3 fxe4
10.Bxe4 Nxe4 11.Nxe4 cxd5 12.Qxd5 Qc6 13.Qxc6+ Nxc6 14.Kd2 Be6 15.a3 Ba2
16.Re1 Bd5 17.Kd3 Bxb2 18.Bc1 Bxc1 19.Rxc1 O-O 20.c4 Bxe4+ 21.Kxe4 e5 22.fxe5 Nxe5
23.Nh3 Rac8 24.c5 Nf7 25.cxd6 Nxd6+ 26.Kd5 Rcd8 27.a4 Nf5+ 28.Kc5 Rd4 29.Kb5 Rfd8  0-1

[Event "BL2-O9495"]
[Site "Germany"]
[Date "1995.??.??"]
[Round "?"]
[White "Nothnagel, Holger"]
[Black "Timpel, Klaus"]
[Result "1-0"]
[WhiteElo "2370"]
[BlackElo "2300"]

1.e4 g6 2.d4 Bg7 3.Nc3 d6 4.Nf3 a6 5.a4 b6 6.Bc4 e6 7.Qe2 Ne7 8.h4 h6 9.O-O Nd7
10.Bf4 Bb7 11.Rad1 O-O 12.Rfe1 Kh7 13.Bc1 c6 14.g3 b5 15.axb5 axb5 16.Bd3 b4
17.Nb1 Ra1 18.Nbd2 Qc7 19.Nb3 Ra2 20.e5 dxe5 21.Nxe5 Nxe5 22.dxe5 c5 23.Nd2 Nc6
24.Nf3 Rd8 25.Be4 Rxd1 26.Qxd1 Ra1 27.h5 Ne7 28.Qd6 Qxd6 29.exd6 Bxe4 30.dxe7 Bc6
31.hxg6+ Kxg6 32.Be3 Rxe1+ 33.Nxe1 c4 34.b3 Bc3 35.Nf3 cxb3 36.cxb3 e5 37.Nd2 Kf5
38.Nc4 Ke6 39.Bc5 Kd5 40.Be3 h5 41.Bb6 Ke6 42.Bc5 Kd5 43.Bb6 Bd4 44.Bc7 Ke6
45.Bd6 Bc3 46.Bc5 f6 47.Ne3 Kf7 48.Nc2 Bd5 49.Nxb4 Bxb3 50.Nc6 Bd5 51.Na7 Bd4
52.Bxd4 exd4 53.Nb5 d3 54.e8=Q+ Kxe8 55.Nc7+ Kd7 56.Nxd5 Ke6 57.Nf4+  1-0

[Event "BL9495 (Women)"]
[Site "Germany"]
[Date "1995.??.??"]
[Round "203"]
[White "Schaefer, Anke"]
[Black "Daemering, Katrin"]
[Result "0-1"]
[WhiteElo "2135"]
[BlackElo "2145"]

1.e4 d6 2.d4 g6 3.Nc3 Bg7 4.Bc4 e6 5.Nf3 Ne7 6.Bb3 O-O 7.Bg5 Bd7 8.Qd2 b5
9.Bh6 c5 10.Bxg7 Kxg7 11.a3 c4 12.Ba2 a5 13.O-O Qb6 14.Nd1 Qb7 15.Qf4 d5
16.e5 f6 17.exf6+ Rxf6 18.Qg5 Nbc6 19.Bb1 Raf8 20.c3 Rf4 21.Ne3 h6 22.Qg3 Qb8
23.Ng4 Nf5 24.Bxf5 R8xf5 25.Nge5 Nxe5 26.Nxe5 Qe8 27.f3 Rf8 28.Rfe1 Bc8 29.Re2 h5
30.h4 Bb7 31.Rae1 Bc8 32.Re3 R4f5 33.Rf1 Rf4 34.Qe1 Kh7 35.g3 R4f6 36.f4 Kg7
37.Rf2 Qd8 38.Nf3 Re8 39.Ng5 Qd6 40.Kg2 Bd7 41.Re5 Qb6 42.Rfe2 Qc6 43.Kh2 Qd6
44.R2e3 Qc6 45.Qe2 Qd6 46.f5 gxf5 47.Nh3 Rh8 48.Nf4 Kf7 49.Nxh5 Rfh6 50.Nf4 R8h7
51.Qf3 Rf6 52.Re2 Rhh6 53.Nh3 Rfg6 54.Qe3 Kf8 55.Qf4 Rf6 56.Qg5 Rhg6 57.Qh5 Rh6
58.Qf3 Be8 59.Nf4 Bf7 60.Re1 Qd7 61.R5e2 Qd6 62.Rd2 Qd7 63.Qe2 Qd8 64.b3 Qd6
65.b4 Rxh4+ 66.Kg2 Rg4 67.Qe5 Qd8 68.bxa5 Rh6 69.Re3 Qh4 70.Kf2 Qh1 71.Ng2 Rh2
72.Kf3 Qf1+ 73.Rf2 Qd1+ 74.Rfe2 Re4 75.Qf6 Qf1+ 76.Rf2 Rxe3+ 77.Kxe3 Qd3+
78.Kf4 Qe4+  0-1

[Event "BL9596 (Women)"]
[Site "Germany"]
[Date "1995.??.??"]
[Round "?"]
[White "Arnhold, Kerstin"]
[Black "Braun, Regine"]
[Result "1-0"]
[WhiteElo "2035"]
[BlackElo "2005"]

1.e4 g6 2.d4 Bg7 3.Nc3 d6 4.f4 Nc6 5.Be3 Nf6 6.Be2 O-O 7.d5 Nb8 8.Nf3 a6
9.O-O b5 10.a3 c5 11.dxc6 Nxc6 12.Nd4 Nxd4 13.Bxd4 Bb7 14.Bf3 Qc7 15.e5 Bxf3
16.Qxf3 Qc4 17.Rad1 dxe5 18.Bxe5 e6 19.Rd4 Qc5 20.Kh1 Qc8 21.Rfd1 Nh5 22.Bxg7 Nxg7
23.Qd3 Nf5 24.Rd7 Qc6 25.Ne4 Rac8 26.c3 Qb6 27.Nd6 Nxd6 28.Rxd6 Qb7 29.Qd4 Rc4
30.Qe3 Rc6 31.Rxc6 Qxc6 32.Qd4 Rc8 33.Kg1 Qc7 34.Kf2 Qc6 35.Qe5 Qb6+ 36.Kg3 Rd8
37.Rxd8+ Qxd8 38.Qd4 Qc7 39.Kf3 Qc6+ 40.Kf2 Qb7 41.b3 Qe7 42.a4 Qh4+ 43.Kf3 Qxh2
44.axb5 axb5 45.Qe5 Qh1 46.Qxb5 Qd1+ 47.Ke4 Qe1+ 48.Kd4 Qd2+ 49.Ke4 Qxg2+
50.Ke5 Qh3 51.Qc4 Qe3+ 52.Kf6 h5 53.Qc7 Kh8 54.Kxf7  1-0

[Event "BL9596 (Women)"]
[Site "Germany"]
[Date "1995.??.??"]
[Round "?"]
[White "Bojkovic, Natasa"]
[Black "Daemering, Katrin"]
[Result "1-0"]
[WhiteElo "2425"]
[BlackElo "2185"]

1.e4 d6 2.d4 g6 3.Nc3 Bg7 4.h3 Nd7 5.Nf3 c5 6.Be3 cxd4 7.Bxd4 Ngf6 8.Bd3 O-O
9.O-O a6 10.Re1 e5 11.Be3 b5 12.a4 b4 13.Na2 Rb8 14.Ba7 Ra8 15.Be3 Rb8 16.Qe2 Qc7
17.c4 Nc5 18.Bxc5 dxc5 19.Nc1 Nh5 20.Nb3 Bh6 21.Qc2 Rb6 22.Nh2 Nf4 23.Ng4 Bxg4
24.hxg4 Qe7 25.g3 Ne6 26.Rad1 Bg7 27.Be2 h5 28.gxh5 gxh5 29.Bxh5 Qg5 30.Bf3 Bh6
31.Bg2 Kh8 32.Rd5 Rg8 33.Red1 Bf8 34.Rd7 Qh5 35.R1d3 Ng5 36.Qd1 Qh7 37.Qg4 Rh6
38.Qf5 Qg7 39.R3d5 Re6 40.Rd8 Rf6 41.Qxe5 Ne6 42.Re8 Nf4 43.Rd2 Nxg2 44.Kxg2 Kh7
45.Rdd8 Kh6 46.Kg1 Kg6 47.Qb8 Rxf2 48.Kxf2 Qxb2+ 49.Nd2 Rh8 50.Qe5 Rh2+ 51.Kg1 Rxd2
52.Qf5+ Kg7 53.Qg5+  1-0

[Event "BL9596 (Women)"]
[Site "Germany"]
[Date "1995.??.??"]
[Round "?"]
[White "Burchardt, Brigitte"]
[Black "Daemering, Katrin"]
[Result "1-0"]
[WhiteElo "2270"]
[BlackElo "2185"]

1.e4 d6 2.d4 g6 3.Nc3 Bg7 4.Be3 Nf6 5.f3 c6 6.Qd2 b5 7.a3 a6 8.Nge2 Nbd7
9.Rd1 Nb6 10.b3 h5 11.Nf4 Qc7 12.Be2 Nfd7 13.O-O Bb7 14.a4 bxa4 15.Nxa4 Nxa4
16.bxa4 O-O 17.Bc4 Kh7 18.Nh3 d5 19.Bb3 e6 20.Kh1 a5 21.Rg1 Rac8 22.Bf4 Qb6
23.Bd6 Rfe8 24.Ng5+ Kg8 25.Qf4 f6 26.Nh3 e5 27.dxe5 fxe5 28.Qg5 Re6 29.Ba3 Nf8
30.Qd2 Rd8 31.Ng5 Ree8 32.f4 Qc7 33.Bxf8 Bxf8 34.fxe5 Qxe5 35.exd5 cxd5 36.Nf3 Qe2
37.Qxa5 Qe7 38.Bxd5+ Bxd5 39.Rxd5 Rxd5 40.Qxd5+ Kh8 41.Qd3 Qf6 42.Qb5 Re3
43.Rf1 Qc3 44.Qb8 Qb4 45.Qd8 Qd6 46.Qg5 Re2 47.c4 Ra2 48.h3 Bg7 49.Qd5 Qg3
50.Ng5 Qb8 51.Ne6 Bf6 52.a5 Ra3 53.Nf4  1-0

[Event "BL9596 (Women)"]
[Site "Germany"]
[Date "1995.??.??"]
[Round "?"]
[White "Kierzek, Mira"]
[Black "Hund, Isabel"]
[Result "1-0"]
[WhiteElo "2150"]
[BlackElo "2110"]

1.e4 g6 2.d4 Bg7 3.Nc3 d6 4.f4 Nf6 5.Nf3 O-O 6.Be2 c5 7.d5 a6 8.a4 e6 9.dxe6 Bxe6
10.O-O Nc6 11.h3 Na5 12.Ng5 Bc4 13.Bxc4 Nxc4 14.Qe2 Na5 15.e5 dxe5 16.fxe5 Qd4+
17.Kh1 Nh5 18.Qf3 Qxe5 19.Rd1 Rae8 20.Nge4 f5 21.Nf2 Nc6 22.Nd3 Qg3 23.Qxg3 Nxg3+
24.Kh2 Ne2 25.Nxe2 Rxe2 26.Nxc5 Rxc2 27.Nxb7 f4 28.Kh1 f3 29.g4 Be5 30.Bh6 Rh2+
31.Kg1 f2+ 32.Kf1 Rh1+ 33.Kg2 Rh2+ 34.Kf1 Bxb2 35.Rab1 Rh1+ 36.Kg2 Rxd1 37.Rxd1 Rb8
38.Nc5 Bd4 39.Ne4 Re8 40.Rxd4  1-0